000 00472pam a2200181 a 4500
020 _a817473
_c110.00
041 _aeng
_hNULL
082 _a617.3
_bPAN
100 _aPANDA, D .
245 _aHAND BOOK OF ORTHOPAEDICS /
_cNULL.
_hTextual Documents
260 _aNULL :
_bALL INDIA TEXT BOOKS SUPP. (A.T.T.B.S) ,
_c2006.
300 _a162 :
_bvii ;
_cNULL .
365 _a110.00
_e1
907 _a3094
930 _a985
999 _c795521
_d795521
650 _aORTHO